| 000 | 00412nam a22001697a 4500 | ||
|---|---|---|---|
| 005 | 20160622130554.0 | ||
| 008 | 160622b xxu||||| |||| 00| 0 eng d | ||
| 020 | _a978-81-317-1083-0 | ||
| 041 | _aeng | ||
| 082 | _b9216 | ||
| 100 |
_aStill, Richard R and others _92373 |
||
| 245 | _aSales Management | ||
| 260 |
_aDelhi _bPearson Education _c2008 |
||
| 300 | _a629 | ||
| 650 |
_aManagement _9241 |
||
| 942 | _cBK | ||
| 999 |
_c3567 _d3566 |
||